000 00471nam a2200157Ia 4500
005 20250609150712.0
008 008 250505s9999 xx 000 0 eng d
020 _a9788196099046
040 _beng
_cILCL
041 _aeng
_2eng
100 _aAtre, B R
245 0 _aStatus of Women including Marital Rites under the World Constitutions
260 _aDelhi
_bLaw and Justice Publishing Company
_c2023
300 _axvii,195p.
942 _cTB
_2Colon Classification
999 _c1311850
_d1311850